000 00468nam a2200193Ia 4500
003 OSt
005 20221005130817.0
006 a|||||r|||| 00| 0
007 ta
008 221004b |||||||| |||| 00| 0 eng d
024 _a113130
037 _cTextual
040 _aCRL
_cCRL
_beng
041 _2eng
_aeng
100 _aSharma Ya Deht Kumar
_9638693
245 0 _aSandhu Kal ki aurat
942 _cTEXL
_2cc
999 _c1058474
_d1058474